Pilotos brasileiros que venceram na Fórmula 1 - Statistics

Estatísticas Gerais
  • Esse quiz foi jogado 374 vezes
  • A pontuação média é 5 de 6
Estatísticas das Respostas
Nº de Vitórias Piloto % Correto
41 Ayrton Senna
99%
11 Felipe Massa
93%
23 Nelson Piquet
93%
14 Emerson Fittipaldi
90%
11 Rubens Barrichello
88%
1 José Carlos Pace
51%
Nenhum quiz correspondente encontrado
Distribuição das Pontuações
Porcentagem de Pessoas com Cada Pontuação
Percentil de Números Respondidos
Sua Pontuação Histórica
Você não jogou esse quiz